00313nam a2200133Ia 4500008004100000082001500041100001900056245002700075250000600102260000900108300000800117630002700125730002700152100122s9999 xx 000 0 und d b76019a137 aSHARMA ROBIN S aTHE GREATNESS GUIDE- 2 a1 c2008 a202 aTHE GREATNESS GUIDE- 2 aTHE GREATNESS GUIDE- 2